[Event "DVM U14w 2019"]
[Site "Neumünster GER"]
[Date "2019.12.29"]
[Round "6"]
[White "Dietz, Kristin"]
[Black "Roncea, Andreea-Alexandra"]
[Result "1/2-1/2"]
[Termination "normal"]
[Board "1.1"]
[WhiteElo "1946"]
[BlackElo "1591"]
[WhiteClock "01:05:12"]
[BlackClock "00:23:51"]
[WhiteTeam "USV Halle"]
[BlackTeam "SC Papenburg"]
[PlyCount "94"]
[WhiteFideId "12993743"]
[BlackFideId "16233115"]
[EventCountry "GER"]
[EventRounds "7"]
[EventType "team-swiss"]
[EventDate "2019.12.26"]

1. e4 {[%clk 1:30:59]} e5 {[%clk 1:30:56]} 2. Nf3 {[%clk 1:31:15]} Nc6 {[%clk
1:31:15]} 3. Bb5 {[%clk 1:31:07]} a6 {[%clk 1:31:34]} 4. Ba4 {[%clk 1:31:19]}
Nf6 {[%clk 1:31:21]} 5. O-O {[%clk 1:31:10]} Be7 {[%clk 1:31:30]} 6. Re1 {[%clk
1:31:32]} b5 {[%clk 1:31:51]} 7. Bb3 {[%clk 1:31:56]} O-O {[%clk 1:32:03]} 8.
c3 {[%clk 1:32:06]} d5 {[%clk 1:31:52]} 9. exd5 {[%clk 1:32:02]} Nxd5 {[%clk
1:32:09]} 10. Nxe5 {[%clk 1:32:10]} Nxe5 {[%clk 1:32:23]} 11. Rxe5 {[%clk
1:32:36]} c6 {[%clk 1:32:34]} 12. d4 {[%clk 1:32:50]} Bd6 {[%clk 1:32:53]} 13.
Re1 {[%clk 1:33:02]} Qh4 {[%clk 1:33:04]} 14. g3 {[%clk 1:33:24]} Qh3 {[%clk
1:33:06]} 15. Re4 {[%clk 1:33:30]} g5 {[%clk 1:32:34]} 16. Qf1 {[%clk 1:33:27]}
Qh5 {[%clk 1:24:22]} 17. Nd2 {[%clk 1:29:49]} f5 {[%clk 1:13:23]} 18. Re1
{[%clk 1:26:58]} f4 {[%clk 1:02:30]} 19. Bd1 {[%clk 1:08:12]} Qh6 {[%clk
0:52:43]} 20. Ne4 {[%clk 1:07:31]} fxg3 {[%clk 0:50:56]} 21. hxg3 {[%clk
1:07:53]} Be7 {[%clk 0:39:18]} 22. Qg2 {[%clk 1:03:31]} Qg7 {[%clk 0:24:55]}
23. Qh2 {[%clk 0:47:04]} Bf5 {[%clk 0:18:16]} 24. Bf3 {[%clk 0:44:34]} Rae8
{[%clk 0:12:19]} 25. Bd2 {[%clk 0:44:04]} Bxe4 {[%clk 0:09:35]} 26. Bxe4 {[%clk
0:43:36]} h6 {[%clk 0:07:34]} 27. Qh5 {[%clk 0:41:17]} Nf6 {[%clk 0:05:57]} 28.
Qg6 {[%clk 0:41:29]} Nxe4 {[%clk 0:06:11]} 29. Qxg7+ Kxg7 {[%clk 0:06:33]} 30.
Rxe4 {[%clk 0:42:20]} Bd6 {[%clk 0:05:48]} 31. Rae1 {[%clk 0:42:35]} Kf7 {[%clk
0:06:00]} 32. Kg2 {[%clk 0:42:02]} Rxe4 {[%clk 0:05:12]} 33. Rxe4 {[%clk
0:42:26]} Re8 {[%clk 0:05:20]} 34. f3 {[%clk 0:42:29]} Re7 {[%clk 0:04:24]} 35.
Kh3 {[%clk 0:41:17]} Kg6 {[%clk 0:04:05]} 36. b3 {[%clk 0:40:10]} h5 {[%clk
0:03:30]} 37. Kg2 {[%clk 0:38:59]} g4 {[%clk 0:02:43]} 38. Rxe7 {[%clk
0:39:24]} Bxe7 {[%clk 0:03:06]} 39. Kf2 {[%clk 0:35:53]} Kf5 {[%clk 0:02:39]}
40. Ke3 {[%clk 0:35:52]} Bd6 {[%clk 0:02:13]} 41. f4 {[%clk 0:35:44]} h4 {[%clk
0:26:55]} 42. gxh4 {[%clk 1:04:04]} Bxf4+ {[%clk 0:27:17]} 43. Ke2 {[%clk
1:04:28]} Bxd2 {[%clk 0:22:54]} 44. Kxd2 {[%clk 1:04:52]} g3 {[%clk 0:23:19]}
45. Ke2 {[%clk 1:05:18]} Kg4 {[%clk 0:23:31]} 46. h5 {[%clk 1:05:17]} Kxh5
{[%clk 0:23:44]} 47. Kf3 {[%clk 1:05:12]} Kh4 {[%clk 0:23:51]} 1/2-1/2

[Event "DVM U14w 2019"]
[Site "Neumünster GER"]
[Date "2019.12.29"]
[Round "6"]
[White "Gyácsok, Dzvinka"]
[Black "Hafermann, Lara"]
[Result "0-1"]
[Termination "normal"]
[Board "3.4"]
[WhiteElo "997"]
[BlackElo "1161"]
[WhiteClock "00:23:20"]
[BlackClock "00:30:39"]
[WhiteTeam "SV Multatuli Ingelheim e.V."]
[BlackTeam "SC Borussia Lichtenberg"]
[PlyCount "164"]
[WhiteFideId "16298292"]
[BlackFideId "16298306"]
[EventCountry "GER"]
[EventRounds "7"]
[EventType "team-swiss"]
[EventDate "2019.12.26"]

1. e4 {[%clk 1:30:59]} b6 {[%clk 1:30:59]} 2. d4 {[%clk 1:31:19]} Bb7 {[%clk
1:31:24]} 3. Nc3 {[%clk 1:31:38]} e6 {[%clk 1:31:48]} 4. Nf3 {[%clk 1:31:16]}
Nf6 {[%clk 1:32:12]} 5. Bd3 {[%clk 1:31:17]} Bb4 {[%clk 1:32:32]} 6. a3 {[%clk
1:30:58]} Bxc3+ {[%clk 1:32:56]} 7. bxc3 {[%clk 1:30:27]} Nxe4 {[%clk 1:33:17]}
8. Bb2 {[%clk 1:29:31]} Nf6 {[%clk 1:32:06]} 9. O-O {[%clk 1:29:09]} d6 {[%clk
1:31:03]} 10. Re1 {[%clk 1:28:23]} O-O {[%clk 1:30:25]} 11. h3 {[%clk 1:27:00]}
c5 {[%clk 1:28:57]} 12. Nh4 {[%clk 1:20:29]} Nbd7 {[%clk 1:23:09]} 13. f4
{[%clk 1:19:04]} Nd5 {[%clk 1:18:09]} 14. Qh5 {[%clk 1:14:39]} h6 {[%clk
1:17:09]} 15. Qg4 {[%clk 1:10:33]} N5f6 {[%clk 1:11:55]} 16. Qg3 {[%clk
1:09:03]} Re8 {[%clk 1:09:54]} 17. f5 {[%clk 1:05:13]} e5 {[%clk 1:00:55]} 18.
Bc4 {[%clk 1:00:39]} Ne4 {[%clk 0:53:32]} 19. Qg6 {[%clk 0:50:48]} Qf6 {[%clk
0:49:03]} 20. Bc1 {[%clk 0:36:20]} exd4 21. cxd4 {[%clk 0:28:10]} d5 {[%clk
0:45:49]} 22. Qxf6 {[%clk 0:27:36]} Nexf6 {[%clk 0:46:03]} 23. Rxe8+ {[%clk
0:26:33]} Rxe8 {[%clk 0:46:30]} 24. Bd3 {[%clk 0:24:23]} c4 {[%clk 0:46:43]}
25. Bf1 {[%clk 0:24:00]} Bc8 {[%clk 0:40:55]} 26. Kf2 {[%clk 0:18:52]} Ne4+
{[%clk 0:36:57]} 27. Ke2 {[%clk 0:17:21]} Ndf6 {[%clk 0:35:46]} 28. Bf4 {[%clk
0:16:19]} Ng3+ {[%clk 0:35:39]} 29. Kf2 {[%clk 0:15:59]} Nxf1 {[%clk 0:35:55]}
30. Rxf1 {[%clk 0:15:38]} Re4 {[%clk 0:36:00]} 31. g3 {[%clk 0:15:13]} Rxd4
{[%clk 0:35:48]} 32. Bb8 {[%clk 0:14:53]} Rd2+ {[%clk 0:34:23]} 33. Kg1 {[%clk
0:15:06]} Rxc2 {[%clk 0:34:19]} 34. Bxa7 {[%clk 0:15:25]} Rc3 {[%clk 0:34:16]}
35. Rf3 {[%clk 0:14:42]} Rxf3 {[%clk 0:34:24]} 36. Nxf3 {[%clk 0:15:06]} b5
{[%clk 0:34:38]} 37. Nd4 {[%clk 0:15:04]} Bd7 {[%clk 0:34:33]} 38. g4 {[%clk
0:14:21]} g6 {[%clk 0:30:57]} 39. Bb8 {[%clk 0:11:06]} h5 {[%clk 0:27:40]} 40.
g5 {[%clk 0:10:04]} Ne4 {[%clk 0:27:42]} 41. h4 {[%clk 0:10:12]} Bxf5 {[%clk
0:26:42]} 42. Nxb5 {[%clk 0:09:33]} c3 {[%clk 0:14:38]} 43. Nd4 {[%clk
0:07:08]} Kf8 {[%clk 0:11:17]} 44. a4 {[%clk 0:06:44]} Ke8 {[%clk 0:09:33]} 45.
a5 {[%clk 0:05:42]} Kd8 {[%clk 0:08:54]} 46. a6 {[%clk 0:29:26]} Kc8 {[%clk
0:38:54]} 47. a7 {[%clk 0:23:31]} Kb7 {[%clk 0:39:01]} 48. Kf1 {[%clk 0:23:39]}
Nc5 {[%clk 0:33:54]} 49. Ne2 {[%clk 0:23:12]} c2 {[%clk 0:32:59]} 50. Ke1
{[%clk 0:23:15]} d4 {[%clk 0:32:24]} 51. Nc1 {[%clk 0:22:54]} Nd7 {[%clk
0:32:02]} 52. Bf4 {[%clk 0:21:59]} Kxa7 {[%clk 0:32:03]} 53. Kd2 {[%clk
0:22:03]} Nc5 {[%clk 0:31:03]} 54. Be5 {[%clk 0:21:22]} Kb6 {[%clk 0:30:57]}
55. Bxd4 {[%clk 0:21:11]} Kc6 {[%clk 0:31:23]} 56. Be3 {[%clk 0:21:17]} Kd5
{[%clk 0:31:05]} 57. Bf4 {[%clk 0:21:20]} Ne6 {[%clk 0:30:16]} 58. Be3 {[%clk
0:21:30]} Nd4 {[%clk 0:26:42]} 59. Bf2 {[%clk 0:20:47]} Kc4 {[%clk 0:26:07]}
60. Ke3 {[%clk 0:19:59]} Nb3 {[%clk 0:26:21]} 61. Na2 {[%clk 0:17:47]} c1=Q+
62. Nxc1 Nxc1 {[%clk 0:26:09]} 63. Kf4 {[%clk 0:18:08]} Nd3+ {[%clk 0:26:25]}
64. Kf3 {[%clk 0:18:16]} Nxf2 {[%clk 0:26:38]} 65. Kxf2 {[%clk 0:18:38]} Kd4
{[%clk 0:26:46]} 66. Kf3 {[%clk 0:18:54]} Bg4+ {[%clk 0:25:55]} 67. Kf4 {[%clk
0:19:15]} Kd3 {[%clk 0:26:15]} 68. Ke5 {[%clk 0:19:40]} Ke3 {[%clk 0:26:33]}
69. Kf6 {[%clk 0:19:59]} Be6 {[%clk 0:26:58]} 70. Ke5 {[%clk 0:19:59]} Kf3
{[%clk 0:27:20]} 71. Kd4 {[%clk 0:20:18]} Kg4 {[%clk 0:27:44]} 72. Ke4 {[%clk
0:20:41]} Bf5+ {[%clk 0:27:58]} 73. Ke3 {[%clk 0:21:05]} Kxh4 {[%clk 0:27:52]}
74. Kf4 {[%clk 0:21:22]} Kh3 {[%clk 0:28:10]} 75. Kf3 {[%clk 0:21:44]} h4
{[%clk 0:28:09]} 76. Kf2 {[%clk 0:21:57]} Kg4 {[%clk 0:28:30]} 77. Kg2 {[%clk
0:22:20]} Kxg5 {[%clk 0:28:55]} 78. Kh2 {[%clk 0:22:39]} Kh5 {[%clk 0:29:11]}
79. Kh1 {[%clk 0:22:59]} Be4+ {[%clk 0:29:34]} 80. Kh2 {[%clk 0:23:18]} g5
{[%clk 0:30:01]} 81. Kg1 {[%clk 0:23:27]} h3 {[%clk 0:30:17]} 82. Kf2 {[%clk
0:23:20]} h2 {[%clk 0:30:39]} 0-1

[Event "DVM U14w 2019"]
[Site "Neumünster GER"]
[Date "2019.12.29"]
[Round "6"]
[White "Glowiak, Alexandra"]
[Black "Hubert, Charlotte"]
[Result "1-0"]
[Termination "normal"]
[Board "5.1"]
[WhiteElo "1403"]
[BlackElo "1415"]
[WhiteTeam "SV Traktor Priestewitz"]
[BlackTeam "Hamburger SK"]
[PlyCount "113"]
[WhiteFideId "16259530"]
[BlackFideId "16265920"]
[EventCountry "GER"]
[EventRounds "7"]
[EventType "team-swiss"]
[EventDate "2019.12.26"]

1. e4 c5 2. Nf3 e6 3. d4 cxd4 4. Nxd4 Nc6 5. Nc3 a6 6. Be3 Qc7 7. Be2 Nf6 8.
O-O Be7 9. f4 d6 10. f5 Ne5 11. fxe6 fxe6 12. Bh5+ Nxh5 13. Qxh5+ Ng6 14. Qg4
Bf6 15. Qg3 O-O 16. Rad1 Bd7 17. Bd2 Be5 18. Qe1 Rad8 19. Bg5 Rxf1+ 20. Qxf1
Rf8 21. Qd3 Bf4 22. Bxf4 Nxf4 23. Qe3 Qc5 24. g3 Nh3+ 25. Kg2 e5 26. Nf5 Bxf5
27. Qxc5 dxc5 28. exf5 Ng5 29. h4 Nf7 30. Rd7 Rb8 31. Na4 b6 32. Ra7 a5 33. Ra6
Nh6 34. Rxb6 Rxb6 35. Nxb6 Nxf5 36. Nc4 e4 37. Nxa5 Ne3+ 38. Kf2 Nxc2 39. Nb3
c4 40. Na5 Nb4 41. Nxc4 Nxa2 42. Ke3 Kf7 43. Kxe4 Ke6 44. Ne5 Nb4 45. Nd3 Nc6
46. b4 Na7 47. g4 Nb5 48. Nf4+ Ke7 49. Kd5 Nc7+ 50. Kc6 Kd8 51. b5 Kc8 52. Nd5
Ne6 53. Nb6+ Kb8 54. Nd7+ Kc8 55. b6 Nd8+ 56. Kd6 Nb7+ 57. Ke7 1-0

[Event "DVM U14w 2019"]
[Site "Neumünster GER"]
[Date "2019.12.29"]
[Round "6"]
[White "Modali, Nikhilamrutha"]
[Black "Mai, Mariella"]
[Result "1-0"]
[Termination "normal"]
[Board "5.2"]
[WhiteElo "1112"]
[BlackElo "1232"]
[WhiteTeam "Hamburger SK"]
[BlackTeam "SV Traktor Priestewitz"]
[PlyCount "47"]
[WhiteFideId "16282370"]
[BlackFideId "16281780"]
[EventCountry "GER"]
[EventRounds "7"]
[EventType "team-swiss"]
[EventDate "2019.12.26"]

1. e4 e6 2. d4 d5 3. Bd3 c5 4. exd5 Qxd5 5. Nc3 Qxd4 6. Be3 Qb4 7. Rb1 Nf6 8.
Nge2 Be7 9. O-O O-O 10. a3 Qb6 11. b4 Qc7 12. Bf4 Bd6 13. Nb5 Qc6 14. Bxd6 Rd8
15. Bxc5 b6 16. Be7 Bb7 17. f3 Rd7 18. Bxf6 gxf6 19. Qd2 a6 20. Nbd4 Qc8 21.
Qh6 f5 22. Nxf5 f6 23. Qxf6 Qe8 24. Nh6# 1-0

[Event "DVM U14w 2019"]
[Site "Neumünster GER"]
[Date "2019.12.29"]
[Round "6"]
[White "Moradi, Yassaman"]
[Black "Wu, Yvonne Yihan"]
[Result "1-0"]
[Termination "normal"]
[Board "5.3"]
[WhiteElo "1293"]
[BlackElo "1083"]
[WhiteTeam "SV Traktor Priestewitz"]
[BlackTeam "Hamburger SK"]
[PlyCount "54"]
[WhiteFideId "16279964"]
[BlackFideId "16298330"]
[EventCountry "GER"]
[EventRounds "7"]
[EventType "team-swiss"]
[EventDate "2019.12.26"]

1. e4 e5 2. Nf3 Nc6 3. d4 exd4 4. Nxd4 Bc5 5. Be3 Qf6 6. c3 Nge7 7. Bc4 O-O 8.
O-O Ne5 9. Be2 d5 10. f3 Rd8 11. Nd2 N5c6 12. N2b3 Bb6 13. Qd2 Qg6 14. Bd3 Qf6
15. Bg5 Qd6 16. Kh1 f6 17. Bf4 Qd7 18. Rad1 Ne5 19. Bxe5 fxe5 20. Nc2 dxe4 21.
Bc4+ Kh8 22. Qxd7 Bxd7 23. fxe4 Ng6 24. a4 Bxa4 25. Ne3 Rf8 26. Nf5 Rad8 27. g3
a6 {Rest der Partie fehlt ,weil Notation auf dem Partieformular nicht korrekt
war} 1-0

[Event "DVM U14w 2019"]
[Site "Neumünster GER"]
[Date "2019.12.29"]
[Round "6"]
[White "Krasikova, Milana"]
[Black "Moradi, Yakta"]
[Result "0-1"]
[Termination "normal"]
[Board "5.4"]
[WhiteElo "1082"]
[BlackElo "1257"]
[WhiteTeam "Hamburger SK"]
[BlackTeam "SV Traktor Priestewitz"]
[PlyCount "94"]
[WhiteFideId "16287347"]
[BlackFideId "16281772"]
[EventCountry "GER"]
[EventRounds "7"]
[EventType "team-swiss"]
[EventDate "2019.12.26"]

1. e4 e5 2. Nf3 Nc6 3. Nc3 Nf6 4. Bb5 Nd4 5. Ba4 Bc5 6. Nxe5 Qe7 7. Nf3 Nxe4 8.
O-O Nxc3 9. bxc3 Nxf3+ 10. Qxf3 O-O 11. d4 Bb6 12. Qg3 Qe6 13. f3 Qg6 14. Qxg6
fxg6 15. Ba3 Rf5 16. Bb3+ d5 17. Rfe1 Bd7 18. c4 Bxd4+ 19. Kf1 Bxa1 20. Rxa1
Re8 21. cxd5 Kh8 22. c4 Rfe5 23. c5 Bb5+ 24. Kg1 Re1+ 25. Rxe1 Rxe1+ 26. Kf2
Re2+ 27. Kg3 h5 28. d6 cxd6 29. cxd6 Rd2 30. Be6 Bc6 31. h3 b6 32. Bb4 Rd4 33.
Ba3 a5 34. Bf7 Kh7 35. Kf2 Rd3 36. Bb2 Rd2+ 37. Ke3 Rxb2 38. Be6 Rxg2 39. d7
Bxd7 40. Bxd7 Rxa2 41. h4 Rh2 42. f4 Rxh4 43. f5 gxf5 44. Bxf5+ Kh6 45. Kd3 Rb4
46. Kc3 Kg5 47. Be4 Rxe4 0-1

[Event "DVM U14w 2019"]
[Site "Neumünster GER"]
[Date "2019.12.29"]
[Round "6"]
[White "Schulz, Hannah"]
[Black "Stepanjan, Marianne"]
[Result "1/2-1/2"]
[Termination "normal"]
[Board "6.1"]
[WhiteElo "1588"]
[BlackElo "1414"]
[WhiteTeam "Karlsruher SF 1853"]
[BlackTeam "TuRa Harksheide von 1945 Norderstedt e.V."]
[PlyCount "47"]
[WhiteFideId "16244745"]
[BlackFideId "16246110"]
[EventCountry "GER"]
[EventRounds "7"]
[EventType "team-swiss"]
[EventDate "2019.12.26"]

1. e4 g6 2. d4 Bg7 3. Nf3 e6 4. c4 d6 5. Nc3 Ne7 6. Be2 b6 7. O-O O-O 8. Be3
Bb7 9. Qd2 Nd7 10. Bh6 Rc8 11. Bxg7 Kxg7 12. Rac1 c5 13. b3 h6 14. d5 Nf6 15.
Bd3 a6 16. Rfe1 Rb8 17. Rb1 Bc8 18. Qc2 Qe8 19. dxe6 Bxe6 20. e5 dxe5 21. Nxe5
Qc8 22. Nf3 Nc6 23. a3 Bg4 24. Ne5 1/2-1/2

[Event "DVM U14w 2019"]
[Site "Neumünster GER"]
[Date "2019.12.29"]
[Round "6"]
[White "Foos, Vanessa"]
[Black "Reiter, Hannah"]
[Result "1-0"]
[Termination "normal"]
[Board "6.2"]
[WhiteElo "1309"]
[BlackElo "1373"]
[WhiteTeam "TuRa Harksheide von 1945 Norderstedt e.V."]
[BlackTeam "Karlsruher SF 1853"]
[PlyCount "57"]
[WhiteFideId "16245270"]
[BlackFideId "16239679"]
[EventCountry "GER"]
[EventRounds "7"]
[EventType "team-swiss"]
[EventDate "2019.12.26"]

1. e4 e5 2. Nf3 Nc6 3. Bc4 Bc5 4. b4 Bb6 5. a4 Nf6 6. a5 Bd4 7. c3 Bxc3 8. Nxc3
d6 9. b5 Nd4 10. Nxd4 exd4 11. Nd5 Nxe4 12. Qe2 Bf5 13. f3 O-O 14. fxe4 Qh4+
15. g3 Qxe4 16. Qxe4 Bxe4 17. O-O Rae8 18. d3 Bg6 19. Nxc7 Re7 20. Nd5 Re5 21.
Bf4 Re2 22. Bxd6 Rd8 23. Ne7+ Kh8 24. Nxg6+ hxg6 25. Bc7 Rde8 26. Bxf7 R8e7 27.
Bxg6 Kg8 28. Bd6 Rd7 29. Rf8# 1-0

[Event "DVM U14w 2019"]
[Site "Neumünster GER"]
[Date "2019.12.29"]
[Round "6"]
[White "Kuran, Olivia"]
[Black "Chen, Michelle"]
[Result "1/2-1/2"]
[Termination "normal"]
[Board "6.3"]
[WhiteElo "1003"]
[BlackElo "1072"]
[WhiteTeam "Karlsruher SF 1853"]
[BlackTeam "TuRa Harksheide von 1945 Norderstedt e.V."]
[PlyCount "74"]
[WhiteFideId "16279670"]
[BlackFideId "16275403"]
[EventCountry "GER"]
[EventRounds "7"]
[EventType "team-swiss"]
[EventDate "2019.12.26"]

1. e4 g6 2. Nc3 Bg7 3. Nge2 e6 4. d3 Ne7 5. Bd2 O-O 6. Ng3 d6 7. Be2 Nd7 8. Qc1
b6 9. O-O Bb7 10. Bh6 c5 11. Bxg7 Kxg7 12. Bf3 Qc7 13. Re1 Rae8 14. Qd2 d5 15.
exd5 exd5 16. Nb5 Qc6 17. Nc3 Qd6 18. Re2 d4 19. Bxb7 dxc3 20. Qxc3+ Kg8 21.
Rae1 Qb8 22. Ba6 Nd5 23. Qd2 Rxe2 24. Rxe2 Nf4 25. Re7 Nf6 26. Rb7 Qd6 27. Rxa7
N6h5 28. Nxh5 gxh5 29. g3 Nh3+ 30. Kg2 Qe6 31. Bc4 Qf5 32. Ra6 Kh8 33. Rxb6 Rg8
34. Qc3+ f6 35. Rxf6 Nf4+ 36. Kf1 Qh3+ 37. Ke1 Ng2+ 1/2-1/2

[Event "DVM U14w 2019"]
[Site "Neumünster GER"]
[Date "2019.12.29"]
[Round "6"]
[White "Körle, Jolina"]
[Black "Fischbach, Elina"]
[Result "0-1"]
[Termination "normal"]
[Board "6.4"]
[WhiteElo "790"]
[BlackElo "799"]
[WhiteTeam "TuRa Harksheide von 1945 Norderstedt e.V."]
[BlackTeam "Karlsruher SF 1853"]
[PlyCount "38"]
[WhiteFideId "16298357"]
[BlackFideId "16298411"]
[EventCountry "GER"]
[EventRounds "7"]
[EventType "team-swiss"]
[EventDate "2019.12.26"]

1. e4 e5 2. Nf3 Nc6 3. Bc4 Bc5 4. O-O Nf6 5. Nc3 O-O 6. d3 d6 7. Nd5 Nxd5 8.
Bxd5 Nd4 9. Ng5 h6 10. Nf3 Ne6 11. Nd2 Qg5 12. Nb3 Nf4 13. g3 c6 14. Nxc5 dxc5
15. Bc4 Qf6 16. Qf3 Qg5 17. Be3 b6 18. Kh1 Bg4 19. gxf4 Bxf3# 0-1

[Event "DVM U14w 2019"]
[Site "Neumünster GER"]
[Date "2019.12.29"]
[Round "6"]
[White "Bone, Franziska"]
[Black "Heintz, Lilly"]
[Result "1-0"]
[Termination "normal"]
[Board "7.1"]
[WhiteElo "1115"]
[BlackElo "1219"]
[WhiteTeam "Schachgemeinschaft Turm Raesfeld/Erle"]
[BlackTeam "SC Leipzig-Lindenau"]
[PlyCount "71"]
[WhiteFideId "16261488"]
[BlackFideId "16229550"]
[EventCountry "GER"]
[EventRounds "7"]
[EventType "team-swiss"]
[EventDate "2019.12.26"]

1. e4 e5 2. Nf3 Nc6 3. Bc4 Bc5 4. c3 Nf6 5. d4 exd4 6. cxd4 Bb4+ 7. Nc3 Nxe4 8.
O-O Nxc3 9. bxc3 Bxc3 10. Rb1 O-O 11. d5 Na5 12. Bd3 c6 13. dxc6 dxc6 14. Qc2
Bf6 15. Rd1 Qe7 16. Bd2 Qc7 17. Bxh7+ Kh8 18. Bd3 Rb8 19. Qa4 Bd8 20. Bf4 Qe7
21. Bxb8 b6 22. Bxa7 Qxa7 23. Qd4 Be6 24. Bc2 Qc7 25. a3 Kg8 26. Ne5 f6 27. Nd7
Bxd7 28. Qxd7 Qb8 29. Qe6+ Kh8 30. Qh3+ Kg8 31. Qh7+ Kf7 32. Bg6+ Ke6 33. Qxg7
Bc7 34. Re1+ Kd6 35. Qe7+ Kd5 36. Rbc1 1-0

[Event "DVM U14w 2019"]
[Site "Neumünster GER"]
[Date "2019.12.29"]
[Round "6"]
[White "Niesch, Sarah"]
[Black "Bone, Annalena"]
[Result "1-0"]
[Termination "normal"]
[Board "7.2"]
[WhiteElo "1043"]
[BlackElo "1109"]
[WhiteTeam "SC Leipzig-Lindenau"]
[BlackTeam "Schachgemeinschaft Turm Raesfeld/Erle"]
[PlyCount "113"]
[WhiteFideId "16211294"]
[BlackFideId "16284453"]
[EventCountry "GER"]
[EventRounds "7"]
[EventType "team-swiss"]
[EventDate "2019.12.26"]

1. d4 d5 2. Nc3 Nf6 3. g3 Bf5 4. Bg2 e6 5. e3 c5 6. Nge2 Nc6 7. O-O Bd6 8. b3
O-O 9. Ba3 Nd7 10. dxc5 Nxc5 11. Bxc5 Bxc5 12. e4 Bg6 13. exd5 exd5 14. Nxd5
Qa5 15. c3 Rad8 16. b4 Bxb4 17. cxb4 Nxb4 18. Ne7+ Kh8 19. Nxg6+ fxg6 20. Qb3
Qb6 21. a3 Nc6 22. Qxb6 axb6 23. Rab1 Rd3 24. Rxb6 Rd7 25. Bxc6 bxc6 26. Rxc6
Re7 27. Nf4 Ra7 28. Ra1 Kg8 29. a4 Raf7 30. a5 g5 31. Ne6 Re8 32. Nxg5 Ra7 33.
a6 h6 34. Ne6 Rb8 35. Rc7 Rba8 36. Rxa7 Rxa7 37. Nd8 Kf8 38. Nc6 Ra8 39. a7 Ke8
40. Rb1 Kd7 41. Nb8+ Kc7 42. Na6+ Kc6 43. Nb8+ Kd5 44. Rb7 Ke5 45. Rxg7 Ke4 46.
Rb7 Kf3 47. Nc6 Re8 48. Rb1 h5 49. Nd4+ Kg4 50. Rb8 Rxb8 51. axb8=Q Kg5 52.
Qf4+ Kg6 53. h4 Kg7 54. Qf5 Kh8 55. Qf6+ Kh7 56. Ne6 Kg8 57. Qg7# 1-0

[Event "DVM U14w 2019"]
[Site "Neumünster GER"]
[Date "2019.12.29"]
[Round "6"]
[White "Lensing, Sienna"]
[Black "Kießling, Luisa"]
[Result "1-0"]
[Termination "normal"]
[Board "7.3"]
[WhiteElo "1085"]
[BlackElo "865"]
[WhiteTeam "Schachgemeinschaft Turm Raesfeld/Erle"]
[BlackTeam "SC Leipzig-Lindenau"]
[PlyCount "45"]
[WhiteFideId "16298381"]
[BlackFideId "16298420"]
[EventCountry "GER"]
[EventRounds "7"]
[EventType "team-swiss"]
[EventDate "2019.12.26"]

1. e4 e5 2. Nf3 Nc6 3. Nc3 Nf6 4. d4 exd4 5. Nxd4 Nxd4 6. Qxd4 Be7 7. Be3 O-O
8. O-O-O h6 9. f3 c5 10. Qd2 d6 11. g4 Nd7 12. Be2 Nb6 13. Rdg1 Bd7 14. Kb1 Bf6
15. g5 Bxc3 16. Qxc3 Na4 17. Qd2 Qb6 18. b3 Rae8 19. gxh6 Kh7 20. Rxg7+ Kh8 21.
Qd3 Qb4 22. e5 Qa3 23. Qh7# 1-0

[Event "DVM U14w 2019"]
[Site "Neumünster GER"]
[Date "2019.12.29"]
[Round "6"]
[White "Göllnitz, Cölestine"]
[Black "Wehling, Ida"]
[Result "0-1"]
[Termination "normal"]
[Board "7.4"]
[WhiteElo "800"]
[BlackElo "1123"]
[WhiteTeam "SC Leipzig-Lindenau"]
[BlackTeam "Schachgemeinschaft Turm Raesfeld/Erle"]
[PlyCount "88"]
[WhiteFideId "16298438"]
[BlackFideId "16287452"]
[EventCountry "GER"]
[EventRounds "7"]
[EventType "team-swiss"]
[EventDate "2019.12.26"]

1. e4 e5 2. Nf3 Nc6 3. Nc3 Nf6 4. Bb5 Bd6 5. d3 h6 6. Be3 O-O 7. Qd2 Re8 8.
O-O-O a6 9. Bc4 Be7 10. Nh4 d6 11. h3 Nh7 12. Ng6 Bf6 13. h4 Nf8 14. Nxf8 Rxf8
15. g3 Qd7 16. f3 Kh7 17. Nd5 Qd8 18. Rdf1 Be6 19. Rf2 b5 20. Nxf6+ Qxf6 21.
Bd5 Bxd5 22. exd5 Ne7 23. Rhf1 Nxd5 24. b3 c5 25. a3 Rab8 26. c3 Rfc8 27. Kc2
Qg6 28. Rb1 a5 29. Rg2 c4 30. Ba7 Rb7 31. Bf2 Rbc7 32. Rc1 cxd3+ 33. Kb2 Nxc3
34. Be1 Nd5 35. Rxc7 Rxc7 36. Qxa5 Rc5 37. Rd2 Qf5 38. f4 Qe4 39. Bf2 Rc2+ 40.
Kb1 exf4 41. gxf4 Nxf4 42. Bg3 Qh1+ 43. Be1 Qxe1+ 44. Rd1 Qxd1# 0-1

[Event "DVM U14w 2019"]
[Site "Neumünster GER"]
[Date "2019.12.29"]
[Round "6"]
[White "Prinzen, Siri Marleen"]
[Black "Bräutigam, Katerina"]
[Result "1/2-1/2"]
[Termination "normal"]
[Board "8.1"]
[WhiteElo "1631"]
[BlackElo "1660"]
[WhiteTeam "SK Tarrasch 1945 München"]
[BlackTeam "Elmshorner SC von 1896"]
[PlyCount "150"]
[WhiteFideId "16265912"]
[BlackFideId "16242980"]
[EventCountry "GER"]
[EventRounds "7"]
[EventType "team-swiss"]
[EventDate "2019.12.26"]

1. e4 c6 2. d4 d5 3. e5 Bf5 4. h4 h5 5. Ne2 e6 6. Ng3 Bg6 7. Bg5 Be7 8. Bxe7
Qxe7 9. c3 f6 10. exf6 gxf6 11. Bd3 Bxd3 12. Qxd3 Nd7 13. Qg6+ Qf7 14. Qxf7+
Kxf7 15. Na3 Ne7 16. O-O-O e5 17. Nc2 e4 18. Ne3 Kg6 19. Rhf1 f5 20. Ne2 Kf6
21. g3 Nf8 22. Ng2 Ne6 23. Kd2 b6 24. Ngf4 Nxf4 25. Nxf4 Ng6 26. Nxg6 Kxg6 27.
b3 Kf6 28. Ke3 Rhg8 29. c4 Rad8 30. Rc1 c5 31. Rfd1 dxc4 32. Rxc4 Rd5 33. Rdc1
Rgd8 34. dxc5 Rd2 35. R1c3 b5 36. Rb4 Rxa2 37. Rd4 Rxd4 38. Kxd4 Rd2+ 39. Ke3
Rd7 40. c6 Rc7 41. Kf4 b4 42. Rc5 Ke6 43. Rxf5 Rxc6 44. Kxe4 Rc3 45. Rf3 a6 46.
Rd3 a5 47. f3 Rc5 48. g4 hxg4 49. fxg4 Kf6 50. Kd4 Rb5 51. Kc4 Re5 52. h5 Kg5
53. Rd4 Kh6 54. Rf4 Re3 55. Kb5 Rxb3 56. Kxa5 Kg5 57. Rxb4 Rf3 58. Ka4 Rf6 59.
Kb3 Rc6 60. Rc4 Rb6+ 61. Kc3 Rd6 62. Rd4 Rc6+ 63. Kd3 Re6 64. Re4 Ra6 65. Kd4
Ra4+ 66. Ke5 Ra6 67. Rd4 Rb6 68. Rd6 Rb5+ 69. Ke4 Kxg4 70. h6 Rh5 71. Rg6+ Kh4
72. Kf4 Kh3 73. Rg1 Kh2 74. Rg6 Kh3 75. Rf6 Kh4 1/2-1/2

[Event "DVM U14w 2019"]
[Site "Neumünster GER"]
[Date "2019.12.29"]
[Round "6"]
[White "Margaryan, Susanna"]
[Black "Winkler, Sarah"]
[Result "0-1"]
[Termination "normal"]
[Board "8.2"]
[WhiteElo "1395"]
[BlackElo "1307"]
[WhiteTeam "Elmshorner SC von 1896"]
[BlackTeam "SK Tarrasch 1945 München"]
[PlyCount "86"]
[WhiteFideId "16268210"]
[BlackFideId "16274431"]
[EventCountry "GER"]
[EventRounds "7"]
[EventType "team-swiss"]
[EventDate "2019.12.26"]

1. d4 Nf6 2. c4 e6 3. a3 d5 4. cxd5 exd5 5. Nc3 h6 6. Bf4 Bd6 7. Bxd6 Qxd6 8.
e3 O-O 9. Nf3 b6 10. b4 c6 11. h3 Nbd7 12. Bd3 Nh7 13. O-O Qf6 14. Qc2 Ng5 15.
Nxg5 Qxg5 16. Rac1 Bb7 17. Rfd1 Qe7 18. Ne2 Nf6 19. Ng3 Rfc8 20. Bf5 Rd8 21.
Rd3 g6 22. Bg4 Nxg4 23. hxg4 Qh4 24. e4 Qxg4 25. exd5 Rxd5 26. Qd2 Kg7 27. Rd1
Rad8 28. Ne2 Ba6 29. f3 Qh4 30. g3 Qf6 31. Rc3 Bxe2 32. Qxe2 Rxd4 33. Rxd4
Qxd4+ 34. Re3 Re8 35. Kf2 g5 36. g4 h5 37. gxh5 Kh6 38. Qd3 Qxe3+ 39. Qxe3 Rxe3
40. Kxe3 f5 41. f4 g4 42. Kf2 Kxh5 43. Kg3 c5 0-1